000 00343nam a22001457a 4500
008 221005b ||||| |||| 00| 0 eng d
020 _a9780471723493
041 _aeng
080 _2second edition
_a71
082 _a72 PIO
100 _a19.1
101 _aART
245 _aDesining Commercial Interiors
_cPiotrowski Ch
942 _2udc
_cBK
999 _c58339
_d58339